| 000 | 01120nam a22003617a 4500 | ||
|---|---|---|---|
| 001 | 000097697 | ||
| 003 | CHAP | ||
| 005 | 20220329143250.0 | ||
| 008 | 071109d1998 mx d r 00110 spa d | ||
| 010 | _a94163 | ||
| 011 | _a95135 | ||
| 035 | _a105742 | ||
| 040 | _cCHAP | ||
| 090 | _aFolleto 17315 | ||
| 100 | 0 | 0 |
_aFlores Gallardo, Dulce María. _941532 |
| 245 | 1 | 0 |
_acomunidades / _c/por Dulce María Flores Gallardo. |
| 260 |
_aChapingo, Méx. : _bUACH. Departamento de Suelos, _c1998. |
||
| 300 |
_a16 p. : _bcuadros. |
||
| 590 |
_aBATCH-UPD _b10 _c20130110 _lUCH01 _h1736 |
||
| 590 |
_aBATCH-UPD _b10 _c20130410 _lUCH01 _h1116 |
||
| 590 |
_aBATCH-UPD _b10 _c20130914 _lUCH01 _h0645 |
||
| 590 |
_aCONVERSION _b10 _c20130109 _lUCH01 _h1352 |
||
| 590 |
_aE5765TAJ _b05 _c20150210 _lUCH01 _h1359 |
||
| 650 | 1 | 4 |
_aAnimales y plantas. _95919 |
| 650 | 1 | 4 |
_aBiocenosis. _912717 |
| 650 | 1 | 4 |
_aComunidades vegetales. _926256 |
| 650 | 1 | 4 |
_aEcología. _935134 |
| 901 | _aBK | ||
| 905 | _aMarco A. Mendoza T. | ||
| 942 | _cFOLL | ||
| 942 | _n0 | ||
| 949 |
_aFolleto 17315 _bBC _cUACH _d33724002042561 _eUACH _gDonaciØn _i105742 _sb |
||
| 999 |
_c94163 _d94163 |
||